00438nam a2200169Ia 4500999001500000003000400015005001700019008004100036040000900077082001800086100002500104245003900129260003500168300000900203650001400212942004200226 c9178d9178OSt20191231100636.0190216s9999||||xx |||||||||||||| ||und|| coclc a338.91bMYR/E a Myrdal, Gunnar9929 0aEconomic Planning /cGunnar Myrdal bS Chand & Company,aNew Delhi: a570p aEconomics cBK2ddch338.91iMYR/Ek338.91mMYR/E